000 00561nam a2200193Ia 4500
005 20250508165823.0
008 008 250505s9999 xx 000 0 eng d
037 _aDissertations
040 _aFEDL
_beng
_cFEDL
041 _aeng
_2eng
084 _a305.8, MAN/DI
_qFEDL
100 _aMann Ritu
_9782068
245 0 _aStudent- teachers' perception of caste reservation policy in India
260 _c2017
300 _a79p.
546 _aM.Ed. Dissertation, (Delhi University)
942 _cDIS
_h305.8, MAN/DI
999 _c1397658
_d1397658